[Event "AUT-ch"]
[Site "Hartberg"]
[Date "2004.07.28"]
[Round "5"]
[White "Ferrari, Josef"]
[Black "Halser, Walter"]
[Result "1/2-1/2"]
[WhiteElo "2220"]
[BlackElo "2120"]
[PlyCount "83"]
[EventDate "2004.07.24"]
[EventType "swiss"]
[EventRounds "9"]
[EventCountry "AUT"]
[SourceTitle "CBM 101 Extra"]
[Source "ChessBase"]
[SourceDate "2004.09.01"]
[SourceVersion "2"]
[SourceVersionDate "2004.09.01"]
[SourceQuality "1"]

1. Nf3 d5 2. c4 d4 3. g3 Nc6 4. Bg2 Nf6 5. 0-0 e5 6. d3 Be7 7. h3 h6 8. e3 0-0 9. exd4 exd4 10. a3 a5 11. b3 Nh7 12. Bb2 Be6 13. Nbd2 Qd7 14. Kh2 f5 15. Re1 Rae8 16. Ra2 Bf7 17. Qc2 Bc5 18. Raa1 Qd6 19. Nh4 g6 20. Ndf3 Qf6 21. Ng1 g5 22. Nhf3 Qd6 23. Qd2 f4 24. Rxe8 Rxe8 25. Ne1 fxg3+ 26. fxg3 Re3 27. Qf2 Ne5 28. Be4 Nf6 29. Bf5 Bg6 30. Bc1 Bxf5 31. Qxf5 Neg4+ 32. Kh1 Rxe1 33. hxg4 Qxg3 34. Qg6+ Kh8 35. Qxf6+ Kg8 36. Qg6+ Kf8 37. Qxh6+ Ke8 38. Qg6+ Kd7 39. Qh7+ Ke8 40. Qh2 Qxg4 41. Bb2 Qf3+ 42. Qg2 1/2-1/2

[Event "AUT-ch"]
[Site "Hartberg"]
[Date "2004.07.25"]
[Round "2"]
[White "Weiss, Christian"]
[Black "Ferrari, Josef"]
[Result "1-0"]
[WhiteElo "2408"]
[BlackElo "2220"]
[PlyCount "65"]
[EventDate "2004.07.24"]
[EventType "swiss"]
[EventRounds "9"]
[EventCountry "AUT"]
[SourceTitle "CBM 101 Extra"]
[Source "ChessBase"]
[SourceDate "2004.09.01"]
[SourceVersion "2"]
[SourceVersionDate "2004.09.01"]
[SourceQuality "1"]

1. Nf3 d5 2. g3 Nf6 3. Bg2 e6 4. 0-0 c5 5. d3 g6 6. Nbd2 Bg7 7. e4 0-0 8. Qe2 Nc6 9. Rd1 Qc7 10. c3 b6 11. Nf1 Bb7 12. Bf4 e5 13. Bg5 d4 14. cxd4 Nxd4 15. Nxd4 cxd4 16. Rdc1 Qd7 17. h4 Rfc8 18. Nd2 Rxc1+ 19. Rxc1 h6 20. Bxf6 Bxf6 21. Kh2 Qd8 22. Bh3 Bc8 23. Rxc8 Rxc8 24. Bxc8 Qxc8 25. Qd1 Qc7 26. Kg2 Kg7 27. Nf3 h5 28. Qa4 a5 29. Qb5 Kf8 30. Qd5 Qc2 31. Qd6+ Kg7 32. Nxe5 Qxb2 33. Nd7 1-0

[Event "Liechtenstein op 22nd"]
[Site "Triesen"]
[Date "2004.05.16"]
[Round "3"]
[White "Kohlweyer, Bernd"]
[Black "Ferrari, Josef"]
[Result "0-1"]
[WhiteElo "2406"]
[BlackElo "2242"]
[PlyCount "46"]
[EventDate "2004.05.14"]
[EventType "swiss"]
[EventRounds "9"]
[EventCountry "LIE"]
[SourceTitle "CBM 100 Extra"]
[Source "ChessBase"]
[SourceDate "2004.07.06"]
[SourceVersion "2"]
[SourceVersionDate "2004.07.06"]
[SourceQuality "1"]

1. d4 Nf6 2. c4 g6 3. Nc3 d5 4. Nf3 Bg7 5. Bf4 c6 6. e3 0-0 7. h3 Nbd7 8. Rc1 Qa5 9. Nd2 Ne4 10. cxd5 Nxc3 11. bxc3 cxd5 12. Qb3 b6 13. Bb5 e5 14. Bh2 exd4 15. cxd4 Nf6 16. Bc6 Ba6 17. Bxa8 Rxa8 18. Bd6 Ne4 19. Qb4 Qxa2 20. Be7 Re8 21. Rd1 Rxe7 22. Qxe7 Bf8 23. Qe8 Qc2 0-1

[Event "Bern op"]
[Site "Bern"]
[Date "2004.02.14"]
[Round "5"]
[White "Ferrari, Josef"]
[Black "Habibi, Ali"]
[Result "1/2-1/2"]
[WhiteElo "2226"]
[BlackElo "2270"]
[PlyCount "30"]
[EventDate "2004.02.??"]
[EventType "swiss"]
[EventRounds "7"]
[EventCountry "SUI"]
[SourceTitle "EXT 2005"]
[Source "ChessBase"]
[SourceDate "2004.11.15"]
[SourceVersion "1"]
[SourceVersionDate "2004.11.15"]
[SourceQuality "1"]

1. d4 d6 2. e4 Nf6 3. f3 g6 4. c4 Bg7 5. Nc3 Nc6 6. Be3 e5 7. d5 Ne7 8. Nge2 c5 9. Qd2 h6 10. h4 a6 11. g4 h5 12. g5 Nd7 13. Bh3 Rb8 14. a4 b6 15. b3 Nf8 1/2-1/2

[Event "Bern op"]
[Site "Bern"]
[Date "2004.02.13"]
[Round "3"]
[White "Ferrari, Josef"]
[Black "Kaenel, Hansjuerg"]
[Result "1/2-1/2"]
[WhiteElo "2226"]
[BlackElo "2340"]
[PlyCount "29"]
[EventDate "2004.02.??"]
[EventType "swiss"]
[EventRounds "7"]
[EventCountry "SUI"]
[SourceTitle "EXT 2005"]
[Source "ChessBase"]
[SourceDate "2004.11.15"]
[SourceVersion "1"]
[SourceVersionDate "2004.11.15"]
[SourceQuality "1"]

1. d4 Nf6 2. c4 c5 3. Nf3 cxd4 4. Nxd4 b6 5. g3 Bb7 6. Nf3 e6 7. Bg2 Bb4+ 8. Bd2 Bxd2+ 9. Qxd2 0-0 10. Nc3 Qe7 11. 0-0 d5 12. cxd5 Nxd5 13. Rfd1 Nxc3 14. Qxc3 Nc6 15. Ne5 1/2-1/2

[Event "AUT-chT2W 0304"]
[Site "Austria"]
[Date "2003.11.16"]
[Round "5"]
[White "Ferrari, Josef"]
[Black "Jannasch, Franz"]
[Result "1-0"]
[WhiteElo "2232"]
[BlackElo "2170"]
[PlyCount "163"]
[EventDate "2003.10.18"]
[EventType "team-tourn"]
[EventRounds "11"]
[EventCountry "AUT"]
[SourceTitle "CBM 097 Extra"]
[Source "ChessBase"]
[SourceDate "2004.01.13"]
[SourceVersion "1"]
[SourceVersionDate "2004.01.13"]
[SourceQuality "1"]
[WhiteTeam "Absam"]
[BlackTeam "Innsbruck"]
[WhiteTeamCountry "AUT"]
[BlackTeamCountry "AUT"]

1. d4 Nf6 2. Nf3 d5 3. g3 c6 4. Bg2 Bf5 5. 0-0 e6 6. c4 Bd6 7. Nc3 0-0 8. Nd2 Re8 9. e4 dxe4 10. Ndxe4 Be7 11. Bf4 Na6 12. a3 Qd7 13. b4 Rad8 14. Qe2 Nxe4 15. Nxe4 Bxe4 16. Bxe4 Qxd4 17. Rfd1 Qc3 18. Rdc1 Qf6 19. Be3 Qe5 20. Bxa7 Bf6 21. Bb6 Rd7 22. Rab1 g6 23. f4 Qb8 24. Rd1 Rd6 25. Rxd6 Qxd6 26. Rd1 Qe7 27. Rd3 h5 28. Qd2 Nb8 29. Kg2 e5 30. f5 gxf5 31. Bxf5 e4 32. Qh6 exd3 33. Bh7+ Kh8 34. Bxd3+ Kg8 35. Qh7+ Kf8 36. Bc5 Qxc5 37. bxc5 Re5 38. Bf5 Na6 39. Qxh5 Nxc5 40. Qf3 Ke7 41. h4 b5 42. cxb5 cxb5 43. Bd3 Ne6 44. Qb7+ Kf8 45. Bxb5 Re3 46. a4 Be5 47. a5 Rxg3+ 48. Kf2 Rc3 49. a6 Bd4+ 50. Ke1 Rc7 51. Qd5 Be3 52. Qd6+ Re7 53. Qb8+ Kg7 54. Qg3+ Kf8 55. Qb8+ Kg7 56. Kf1 Rc7 57. Bc4 Ba7 58. Qb5 Bd4 59. Bxe6 fxe6 60. Qg5+ Kh7 61. Qd8 Rf7+ 62. Ke2 e5 63. Qg5 Ra7 64. Qf6 Rc7 65. Qd8 Ra7 66. Qd6 Rg7 67. Kd3 Ra7 68. Ke4 Rf7 69. h5 Rg7 70. Qe6 Ra7 71. Qg6+ Kh8 72. Kf5 Rc7 73. Qh6+ Kg8 74. Qe6+ Kh7 75. Qg6+ Kh8 76. h6 Ra7 77. Kg5 Be3+ 78. Kh5 Bd4 79. Qd3 Rc7 80. Qe4 Kg8 81. Kg6 Kf8 82. Qb7 1-0

[Event "AUT-chT2W 0304"]
[Site "Austria"]
[Date "2003.11.14"]
[Round "3"]
[White "Ferrari, Josef"]
[Black "Kroell, Johannes"]
[Result "0-1"]
[WhiteElo "2232"]
[BlackElo "2192"]
[PlyCount "76"]
[EventDate "2003.10.18"]
[EventType "team-tourn"]
[EventRounds "11"]
[EventCountry "AUT"]
[SourceTitle "CBM 097 Extra"]
[Source "ChessBase"]
[SourceDate "2004.01.13"]
[SourceVersion "1"]
[SourceVersionDate "2004.01.13"]
[SourceQuality "1"]
[WhiteTeam "Absam"]
[BlackTeam "Zillertal/www.zulieferer.cc	"]
[WhiteTeamCountry "AUT"]
[BlackTeamCountry "AUT"]

1. d4 d6 2. c4 g6 3. Nc3 Bg7 4. e4 Nc6 5. Be3 e5 6. Nge2 f5 7. f3 Nf6 8. d5 Ne7 9. Nc1 0-0 10. Be2 Nh5 11. Nd3 c5 12. 0-0 h6 13. a3 g5 14. b4 b6 15. a4 Nf4 16. Qb3 Nxe2+ 17. Nxe2 fxe4 18. fxe4 Bg4 19. Nc3 Ng6 20. Rxf8+ Bxf8 21. a5 Nf4 22. Nf2 Ne2+ 23. Nxe2 Bxe2 24. Qa2 Bh5 25. axb6 Qxb6 26. bxc5 dxc5 27. Rb1 Qc7 28. g4 Be8 29. Nd3 a5 30. Qa3 Rc8 31. Qb2 Bd6 32. Qf2 Bg6 33. Qf6 Kh7 34. Nf2 Rf8 35. Qe6 Kg7 36. Rb7 Qxb7 37. Qxd6 Qb1+ 38. Kg2 Bxe4+ 0-1

[Event "AUT-chT2W 0304"]
[Site "Austria"]
[Date "2003.10.18"]
[Round "1"]
[White "Grabher, Heinz"]
[Black "Ferrari, Josef"]
[Result "1-0"]
[WhiteElo "2231"]
[BlackElo "2232"]
[PlyCount "71"]
[EventDate "2003.10.18"]
[EventType "team-tourn"]
[EventRounds "11"]
[EventCountry "AUT"]
[SourceTitle "CBM 097 Extra"]
[Source "ChessBase"]
[SourceDate "2004.01.13"]
[SourceVersion "1"]
[SourceVersionDate "2004.01.13"]
[SourceQuality "1"]
[WhiteTeam "Hohenems II"]
[BlackTeam "Absam"]
[WhiteTeamCountry "AUT"]
[BlackTeamCountry "AUT"]

1. e4 e5 2. Nf3 Nc6 3. Bc4 Bc5 4. 0-0 Nf6 5. d3 d6 6. c3 Bb6 7. Nbd2 Be6 8. a4 a6 9. Bxe6 fxe6 10. Qb3 Qc8 11. Nc4 Ba7 12. Be3 0-0 13. Bxa7 Rxa7 14. Rae1 Nh5 15. Re3 Nf4 16. g3 Nh5 17. Rd1 Ne7 18. d4 exd4 19. Nxd4 Kh8 20. Nxd6 cxd6 21. Nxe6 Rg8 22. Rxd6 Nf6 23. e5 Ng4 24. Ng5 h6 25. Nf7+ Kh7 26. Rf3 Nf5 27. Rb6 h5 28. Qc2 g6 29. h3 Nd4 30. Ng5+ Kh6 31. Qd2 Nxf3+ 32. Nxf3+ Kg7 33. hxg4 hxg4 34. Nh4 Kh7 35. Qg5 Qe8 36. Nf5 1-0